Bridgerton - Membres de la famille Featherington - Statistiques

Statistiques générales
  • Ce quiz a été pris 195 fois
  • Le résultat moyen est 4 sur 6
Statistiques - réponses
Hint Réponse % Correct
P Pénélope Featherington
99%
P Prudence Featherington
79%
P Philipa Featherington
77%
Mère Portia Featherington
72%
Père Archibald Featherington
32%
F Felicity Featherington
27%
Aucun quiz correspondant
Distribution des résultats
% des personnes avec chaque résultat
Percentile par nombre de réponses
Votre historique - résultats
Vous n’avez pas pris ce quiz